000 00286nam a22001337a 4500
008 181107b xxu||||| |||| 00| 0 eng d
020 _a9781559634823
041 _aeng
080 _a573
100 _a9
101 _aMJE
245 _aHolding Our Groujnnd
_cTom.D
942 _2udc
_cBK
999 _c52082
_d52082